Lokálne rozvojové aktivity ako faktor rozvoja vidieckej obce (na príklade obce Hradište, okres Poltár)

Bibliographic Details
Main Author: Falťanová, Ľubica, 1952- (Author)
Format: Article
Language:Slovak
PhysicalDescription:Fotogr.
ISSN:1335-1303
Subjects:

MARC

LEADER 00000nab a2200000 a 4500
001 vtls010074504
003 SK-MaSNL
005 20260426091733.0
008 250708c2009 xo |r||||||||||00 b|slo
015 |a SNBRB2010/03  |2 snkbucl 
035 |a (uuid)80fafd9a-993e-4659-b3f7-e9b8b7ff525b 
035 |a urn:nbn:sk:snk-ab15t6 
035 |a (urnnbn)urn:nbn:sk:snk:ar-a03aae 
038 |a SNKBUCL 
040 |a SNKBUCL  |b slo  |c SNKBUCL  |e AACR2 
041 0 |a slo  |b eng 
044 |a xo  |c SK 
080 |a 711.436  |2 2001 
080 |a 39  |x (437.6)  |2 2001 
100 1 |a Falťanová, Ľubica,  |d 1952-  |4 aut  |9 106511 
245 1 0 |a Lokálne rozvojové aktivity ako faktor rozvoja vidieckej obce  |b (na príklade obce Hradište, okres Poltár)  |c Ľubica Falťanová 
300 |b Fotogr. 
504 |a Bibliogr. odkazy 
546 |a Res. angl. 
650 0 7 |a vidiek  |2 snkbucl  |9 3814 
650 0 7 |a obce  |2 snkbucl  |9 2935 
650 0 7 |a endogénny rozvoj  |2 snkbucl  |9 1515356 
650 0 7 |a miestna správa  |2 snkbucl  |9 29496 
650 0 7 |a komunitný život  |2 snkbucl  |9 1331852 
651 7 |a Slovensko  |2 snkbucl  |9 14231 
651 7 |a Hradište (Poltár, Slovensko)  |2 SNKPHgeo  |9 159593 
655 7 |a štúdie  |2 snkbucl  |9 57033 
773 0 |t Slovenský národopis  |g Roč. 57, č. 3 (2009), s. 331-347  |x 1335-1303 
850 |a Slovenská národná knižnica 
852 |a Slovenská národná knižnica 
954 |a odborná, vedecká literatúra pôvodná (slovenská)  |2 lita 
958 |a article27 
958 |a NB 
958 |a OND 
958 |a EUIPO 
999 |c 3034839  |d 3036769